All Countries Ending in "A" - Statistics

General Stats
  • This quiz has been taken 351 times
  • The average score is 60 of 74
Answer Stats
Answer % Correct
Austria
96%
Australia
94%
China
92%
Albania
90%
Canada
90%
Algeria
89%
Argentina
89%
Angola
88%
Armenia
88%
India
88%
Latvia
88%
Andorra
87%
Colombia
87%
Estonia
87%
Lithuania
87%
Russia
87%
Slovakia
87%
Indonesia
86%
North Korea
85%
South Africa
85%
South Korea
85%
Zambia
85%
Slovenia
84%
Antigua and Barbuda
83%
Cambodia
83%
Cuba
83%
Eritrea
83%
Ethiopia
83%
Guinea
83%
Guyana
83%
Panama
83%
Tanzania
83%
Bosnia and Herzegovina
82%
Croatia
82%
Somalia
82%
Bolivia
81%
Gambia
81%
Libya
81%
Tunisia
81%
Bulgaria
80%
Guatemala
80%
Malaysia
80%
Nigeria
80%
Serbia
80%
Jamaica
79%
Mongolia
79%
Namibia
79%
Saudi Arabia
79%
Costa Rica
78%
Dominica
78%
Kenya
78%
Nicaragua
78%
Rwanda
78%
United States of America
78%
Ghana
77%
Liberia
76%
Malta
76%
Romania
76%
Uganda
76%
Venezuela
76%
Syria
75%
Mauritania
74%
North Macedonia
74%
Botswana
73%
Georgia
73%
Moldova
73%
Grenada
72%
Samoa
70%
Equatorial Guinea
69%
Saint Lucia
69%
Federated States of Micronesia
65%
Papua New Guinea
65%
Tonga
65%
Sri Lanka
62%
No matching quizzes found
Score Distribution
Percent of People with Each Score
Percentile by Number Answered
Your Score History
You have not taken this quiz